Modélo de inquisidores en la fé, y en el Celo, que a su ministerio corresponde (Record no. 153493)

MARC details
000 -LEADER
campo de control de longitud fija 01528nam a2200253 i 4500
001 - NÚMERO DE CONTROL
campo de control 153493
003 - IDENTIFICADOR DE NÚMERO DE CONTROL
campo de control ES-MaACL
005 - FECHA Y HORA DE LA ÚLTIMA TRANSACCIÓN
campo de control 20251205141858.0
008 - DATOS DE LONGITUD FIJA--INFORMACIÓN GENERAL
campo de control de longitud fija 931025s1787 sp |||| | spa d
040 ## - FUENTE DE CATALOGACIÓN
Centro catalogador/agencia de origen CARM
Lengua de catalogación spa
Centro/agencia transcriptor PAB
100 0# - ENTRADA PRINCIPAL--NOMBRE DE PERSONA
Nombre de persona Diego José de Cádiz
Títulos y otros términos asociados al nombre Beato.
9 (RLIN) 44566
245 10 - MENCIÓN DEL TÍTULO
Título Modélo de inquisidores en la fé, y en el Celo, que a su ministerio corresponde
Resto del título : sermon panegyrico-historico-moral ... , con que los ... Señores Comisario, Alguacil Mayor ... , y Familiares del Santo Tribunal de la Inquisicion de Cordoba, en la Ciudad de Ecija, celebraron en el Real Convento de Santo Domingo, y S. Pablo dia 29 de Abril ... de 1786 a ... San Pedro de Verona, martyr /
Mención de responsabilidad, etc. dixo ... Fr. Diego Josef de Cadiz ... , del Orden de Menores Capuchinos de N. S. P. S. Francisco ... ; dalo a la prensa el Conde de Val-Hermoso de Cardenas...
260 ## - PUBLICACIÓN, DISTRIBUCIÓN, ETC.
Lugar de publicación, distribución, etc. Con licencia en Ecija :
Nombre del editor, distribuidor, etc. en la imprenta de D. Benito Daza,
Fecha de publicación, distribución, etc. [1787?]
300 ## - DESCRIPCIÓN FÍSICA
Extensión 100 [i.e. 96] p. ;
Dimensiones 4º.
500 ## - NOTA GENERAL
Nota general Encabezamiento completado con Aguilar, III, p. 53.
594 ## - Nota al título y mención de responsabilidad
Nota al título y mención de responsabilidad Precede al tit.: "Jesus, Maria, y Josef"
597 ## - NOTA DE DESCRIPCIÓN FÍSICA
NOTA DE DESCRIPCIÓN FÍSICA Sign.: A-K4, L6, N2.
597 ## - NOTA DE DESCRIPCIÓN FÍSICA
NOTA DE DESCRIPCIÓN FÍSICA Error de pag., de p. 88 pasa a 93. Error tip. de sign., en L3 consta *.
600 04 - PUNTO DE ACCESO ADICIONAL DE MATERIA--NOMBRE DE PERSONA
Nombre de persona Pedro Mártir,
Títulos y otros términos asociados al nombre Santo
9 (RLIN) 155211
650 07 - PUNTO DE ACCESO ADICIONAL DE MATERIA--TÉRMINO DE MATERIA
Término de materia o nombre geográfico como elemento de entrada Sermones
Fuente del encabezamiento o término embne
9 (RLIN) 136819
700 2# - ENTRADA AGREGADA--NOMBRE PERSONAL
Nombre de persona Val-Hermoso de Cardenas,
Títulos y otros términos asociados al nombre Conde de
9 (RLIN) 133490
852 ## - LOCALIZACIÓN
Ubicación ES-MaACL
Número de control de estantería R-3093(3)
Nota libre -- Enc. hol., falto de la enc. original
-- -- Enc. en un vol. facticio
Encuadernación -- Olim: T-132-F
Holdings
Estatus retirado Estado de pérdida Estado de daño No para préstamo Colección Biblioteca de origen Biblioteca actual Ubicación en estantería Fecha de adquisición Fuente de adquisición Total de préstamos Signatura topográfica completa Código de barras Visto por última vez Precio de reemplazo Tipo de ítem Koha
        Libros del s. XVIII Biblioteca del Ateneo de Madrid Biblioteca del Ateneo de Madrid Depósito 17/01/2008     R-3093(3) 1160421 23/02/2023 23/02/2023 Libro impreso antiguo